Guia practica laboral y de seguridad social 2015

Detalles Bibliográficos
Autor principal: Přez Chavez, Još
Otros Autores: Fol Olguin, Raymundo
Formato: eBook
Lenguaje:español
Publicado: Mx̌ico D.F.: Tax Editores, 2015
Materias:
Acceso en línea:Acceso restringido

MARC

LEADER 00000nam a22000007a 4500
005 20150508155622.0
007 cr|||| ||||
008 150508s2015 mx |||||s|||| 00||0 spa d
020 |a 978-607-440-765-5 
035 |a 12671 
040 |a vLex 
090 |c 5408  |d 5408 
100 1 |a Přez Chavez, Još 
245 1 0 |a Guia practica laboral y de seguridad social 2015  |h [Recurso electrn̤ico] /  |c Jos ̌Přez Chavez, Raymundo Fol Olguin 
256 |a Servicio en ln̕ea 
260 |a Mx̌ico D.F.:  |b Tax Editores,  |c 2015 
300 |a 1 recurso electrn̤ico 
506 1 |a Contenido disponible en los productos indicados  |d vLex Global  |d vLex Global (Academic Edition, excluding Law Schools)  |d vLex Global (U.S. Academic Edition, Law Schools)  |d vLex Global (U.S. Academic Edition, excluding Law Schools)  |d vLex Global (Academic Edition, Law Schools) 
650 0 4 |a Social security  |z Mx̌ico 
650 0 4 |a Derecho del trabajo  |z Mx̌ico 
700 1 |a  Fol Olguin, Raymundo  
740 0 |a vLex Libros (Servicio en ln̕ea) 
856 4 0 |u http://vlex.com/source/guia-practica-laboral-y-de-seguridad-social-2015-12671  |z Acceso restringido 
942 |c BOOK 
999 0 |a Social security 
999 0 |a Labor laws and legislation